Smernica o službách: neublíži, nepomôže
Kompromis v Európskom parlamente o novej podobe smernice o službách. Aký by mal byť prínos novej smernice. Smernica je veľkým krokom pre európsky politický establishment, avšak malým krokom pre podnikateľov. Oklieštenie princípu krajiny pôvodu. Pôvodná predstava o jednotnom trhu služieb bez bariér z...
Gespeichert in:
| 1. Verfasser: | |
|---|---|
| Format: | Buchkapitel |
| Sprache: | Slowakisch |
| Schlagworte: | |
| Tags: |
Keine Tags, Fügen Sie das erste Tag hinzu!
|
MARC
| LEADER | 00000naa$a2200000$$$4500 | ||
|---|---|---|---|
| 001 | 0039834 | ||
| 005 | 20231009082813.7 | ||
| 041 | 0 | |a slo | |
| 044 | |a SK | ||
| 245 | 1 | 0 | |a Smernica o službách: neublíži, nepomôže |c Kristian Slovák |
| 520 | |a Kompromis v Európskom parlamente o novej podobe smernice o službách. Aký by mal byť prínos novej smernice. Smernica je veľkým krokom pre európsky politický establishment, avšak malým krokom pre podnikateľov. Oklieštenie princípu krajiny pôvodu. Pôvodná predstava o jednotnom trhu služieb bez bariér zostáva na papieri. Pozitíva a negatíva novej smernice. Služby, na ktoré sa smernica nevzťahuje. | ||
| 610 | 2 | 0 | |a služby |
| 610 | 2 | 0 | |a trh |
| 610 | 2 | 0 | |a smernice |
| 610 | 2 | 0 | |a Európska únia |
| 610 | 2 | 0 | |a podnikatelia |
| 100 | 1 | |a Slovák, Kristian | |